Images, imaginaires, imaginations, une perspective historique pour l'introduction des nombres complexes

Guardat en:
Dades bibliogràfiques
Autors principals: Boye, Anne (Autor), Clero, Jean-Pierre (Autor), Durand-Richard, Marie-José (Autor), Friedelmeyer, jean-Pierre (Autor), Hallez, Maryvonne (Autor), Hamon, Gérard (Autor), Kouteynikoff, Odile (Autor), Thirion, Maurice (Autor), Verley, Jean-Luc (Autor)
Format: Llibre
Idioma:francès
Publicat: París Ellipses 1998
Matèries:
Etiquetes: Afegir etiqueta
Sense etiquetes, Sigues el primer a etiquetar aquest registre!

MARC

LEADER 00000nam a2200000 a 4500
001 UCM5056
003 CL-VaPUC
005 20230718074436.0
008 020927e19980000FR |||||||||||||||||fre|d
999 |c 301354  |d 301352 
040 |c Pontificia Universidad Católica de Valparaíso 
082 0 4 |a 510  |b BOY  |2 21 
100 0 |a Boye, Anne  |e author  |9 471355 
245 1 0 |a Images, imaginaires, imaginations, une perspective historique pour l'introduction des nombres complexes 
260 |a París  |b Ellipses  |c 1998 
300 |a 400 p 
583 |a last modification  |c 20020927 00:00:00  |k Rodrigo Vera 
650 0 |a Matemática  |9 260235 
650 0 |a Historia de las matemáticas   |9 265664 
700 0 |a Clero, Jean-Pierre  |e author  |9 471356 
700 0 |a Durand-Richard, Marie-José  |e author  |9 471357 
700 0 |a Friedelmeyer, jean-Pierre  |e author  |9 471358 
700 0 |a Hallez, Maryvonne  |e author  |9 471359 
700 0 |a Hamon, Gérard  |e author  |9 471360 
700 0 |a Kouteynikoff, Odile  |e author  |9 471361 
700 0 |a Thirion, Maurice  |e author  |9 471362 
700 0 |a Verley, Jean-Luc  |e author  |9 471363 
942 |c BK  |2 ddc 
945 |d 20020927 00:00:00  |a cmena